000 01296nam a2200277Ia 4500
999 _c34804
_d34804
001 614
003 GE_BSU
005 20260424111132.0
008 181216s2009||||ge |||||||||||||| ||geo||
020 _a9789941012273
040 _cGE_BSU
041 _ageo
080 _a338.22(075.8)თ-87
100 _aთურმანიძე,ს
_927369
245 _aბიზნესის საფუძვლები :
_bდამხმარე პრაქტიკული სახელმძღვანელო /
_cს.თურმანიძე, ი. ფალელაშვილი, გ. გაბაიძე ; [რედ. ზ. ელიზბარაშვილი].
264 _aთბილისი :
_b[საზოგადოება ცოდნა],
_c2009.
300 _a133 გვ.
_bცხ. ;
_c20 სმ.
501 _aდანართები: გვ. 119-128.
504 _aბიბლიოგრ.: გვ. 130-131
520 _aრეზ. ინგლ
653 _aბიზნესის საფუძვლები
700 _aფალელაშვილი, ი
_92434
700 _a გაბაიძე, გ.
_927370
700 _aელიზბარაშვილი, ზ
_eრედაქტორი
_92437
942 _cBK
_2udc